000 01177cam a2200313 a 4500
001 000013376
005 20200929163218.0
008 990920s1999 ck ab b 000 0 spa c
020 _a9586831019
035 _a(OCoLC)ocm42397937
040 _aDO-SdBNP
_cAGL
_dDLC
_dBNPHU
082 _a307.7209861
_bF715
100 1 _aForero Álvarez, Jaime
_930600
245 1 0 _aEconomía y sociedad rural en los Andes colombianos /
_cJaime Forero Álvarez.
260 _aSanta Fé de Bogotá :
_bInstituto de Estudios Rurales ;
_bFacultad de Estudios Ambientales y Rurales ;
_bPontificia Universidad Javeriana,
_c1999.
300 _a378 p. :
_bil., maps ;
_c24 cm.
490 1 _aSerie IER 20 años
504 _aBibliográfica: (p. [365]-378).
651 4 _aColombia
_xCondiciones Rurales
_930601
650 4 _aDesarrollo rural
_zColombia
_930602
650 4 _aDesarrollo agrícola
_zColombia
_930603
650 4 _aPoblación rural
_zColombia
_930604
650 4 _aEconomía cafetera
_zColombia
_930605
650 4 _aEconomía rural
_930606
650 4 _aCampesinos
_zColombia
_930607
830 0 _aSerie IER 20 años.
_930608
910 _aCatalogación por copia / LC
049 _aBNGR
999 _c13002
_d13002